[Event "Campeonato de España Universitario 2011"]
[Site "Alicante ESP"]
[Date "2011.05.10"]
[Round "6.12"]
[White "Garcia Blanco, Omar"]
[Black "Valmaña Canto, Jaime"]
[Result "0-1"]
[WhiteElo "2209"]
[BlackElo "2335"]
[PlyCount "84"]
[EventDate "2011.05.09"]
[EventType "swiss"]
[EventRounds "9"]
[EventCountry "ESP"]
[Source "lmi"]
[SourceDate "2011.05.09"]

1. e4 c5 2. c3 d5 3. exd5 Qxd5 4. d4 g6 5. Be3 cxd4 6. cxd4 Nf6 7. Nc3 Qd8 8.
Nf3 Bg7 9. Bc4 O-O 10. O-O Nc6 11. h3 Na5 12. Bd3 Be6 13. Qe2 Rc8 14. Ne5 Nd7
15. Nxd7 Qxd7 16. d5 Bxd5 17. Nxd5 Qxd5 18. Bxa7 Nc4 19. Bxc4 Qxc4 20. Qxe7
Bxb2 21. Rab1 Rc7 22. Qe3 Qxa2 23. Qb6 Be5 24. f4 Rc2 25. Qxb7 Bd6 26. Bd4 Qc4
27. Qb6 Qd5 28. Rf2 Rc4 29. Be3 Re8 30. Re1 Bxf4 31. Bxf4 Rxe1+ 32. Kh2 Re6 33.
Qb8+ Kg7 34. g4 Rce4 35. Qb2+ Qd4 36. Qxd4+ Rxd4 37. Bd2 Rd3 38. Bc1 Kf8 39.
Bb2 Ree3 40. Bf6 Rxh3+ 41. Kg2 Rhg3+ 42. Kf1 Rgf3 0-1

[Event "Campeonato de España Universitario 2011"]
[Site "Alicante ESP"]
[Date "2011.05.10"]
[Round "6.13"]
[White "Fernandez Borrego, Pablo"]
[Black "Rosa Cintas, Raul"]
[Result "1-0"]
[WhiteElo "2302"]
[BlackElo "2164"]
[PlyCount "137"]
[EventDate "2011.05.09"]
[EventType "swiss"]
[EventRounds "9"]
[EventCountry "ESP"]
[Source "lmi"]
[SourceDate "2011.05.09"]

1. e4 d5 2. Nf3 Bg4 3. Be2 Nc6 4. d4 e6 5. exd5 Qxd5 6. c4 Qa5+ 7. Bd2 Bb4 8.
Nc3 O-O-O 9. Nb1 e5 10. d5 Bxf3 11. Bxf3 Nd4 12. Nc3 Qa6 13. Be2 Qg6 14. O-O
Ne7 15. a3 Bc5 16. b4 Nxe2+ 17. Nxe2 Bd4 18. Nxd4 exd4 19. Bf4 Nf5 20. Re1 h5
21. Be5 h4 22. Bxd4 h3 23. g3 Rh4 24. Bxa7 Rxc4 25. Qd3 Nd6 26. Qxg6 fxg6 27.
Be3 Nb5 28. a4 Nd4 29. Bxd4 Rxd4 30. Rab1 R8xd5 31. Kf1 Rd2 32. Re8+ Rd8 33.
Rbe1 Ra2 34. a5 Rb2 35. R8e4 Rf8 36. Re8+ Rxe8 37. Rxe8+ Kd7 38. Rg8 Rxb4 39.
Rxg7+ Kc6 40. Rxg6+ Kb5 41. f4 Rb1+ 42. Kf2 Rb2+ 43. Kf3 Rxh2 44. g4 Rh1 45.
Rh6 h2 46. Kf2 Rg1 47. Rxh2 Rxg4 48. Rh5+ c5 49. Kf3 Rg1 50. Ke4 Rc1 51. Rh7 b6
52. axb6 Kxb6 53. f5 Rf1 54. Rh3 Kc6 55. Rh6+ Kb5 56. f6 c4 57. Rh5+ Kb4 58.
Rf5 Re1+ 59. Kd4 Rd1+ 60. Ke5 Re1+ 61. Kd6 c3 62. f7 c2 63. f8=Q c1=Q 64. Qb8+
Ka4 65. Qb5+ Ka3 66. Qa6+ Kb4 67. Rb5+ Kc4 68. Rc5+ Kb3 69. Qb6+ 1-0

[Event "Campeonato de España Universitario 2011"]
[Site "Alicante ESP"]
[Date "2011.05.10"]
[Round "6.14"]
[White "Ibarra Jerez, Juan Miguel"]
[Black "Alonso Macias, Victor"]
[Result "1-0"]
[WhiteElo "2264"]
[BlackElo "2012"]
[PlyCount "69"]
[EventDate "2011.05.09"]
[EventType "swiss"]
[EventRounds "9"]
[EventCountry "ESP"]
[Source "lmi"]
[SourceDate "2011.05.09"]

1. e4 d5 2. exd5 Nf6 3. Bb5+ Bd7 4. Be2 Nxd5 5. d4 Bf5 6. Nf3 e6 7. O-O Nc6 8.
c4 Nf6 9. Nc3 Bd6 10. Bg5 h6 11. Bh4 g5 12. d5 exd5 13. cxd5 Ne7 14. Qd4 Ng6
15. Bb5+ Nd7 16. Qg7 a6 17. Rfe1+ Be7 18. Nd4 Bg4 19. d6 cxd6 20. Nd5 axb5 21.
Rxe7+ Qxe7 22. Nxe7 Kxe7 23. Re1+ Nde5 24. Bg3 Rag8 25. Bxe5 dxe5 26. Rxe5+
Nxe5 27. Qxe5+ Kd7 28. Nxb5 f5 29. h3 Bh5 30. Qc7+ Ke6 31. Nd4+ Kd5 32. Nxf5
Rd8 33. Qxb7+ Ke5 34. g4 Bg6 35. Qg7+ 1-0

[Event "Campeonato de España Universitario 2011"]
[Site "Alicante ESP"]
[Date "2011.05.10"]
[Round "7.1"]
[White "Pena Gomez, Manuel"]
[Black "Camacho Collados, Jose"]
[Result "1-0"]
[WhiteElo "2421"]
[BlackElo "2380"]
[PlyCount "67"]
[EventDate "2011.05.09"]
[EventType "swiss"]
[EventRounds "9"]
[EventCountry "ESP"]
[Source "lmi"]
[SourceDate "2011.05.09"]

1. g3 Nf6 2. Bg2 c5 3. c4 d5 4. cxd5 Nxd5 5. Nc3 Nxc3 6. bxc3 g6 7. Nf3 Bg7 8.
O-O O-O 9. d4 Nc6 10. Be3 Qa5 11. Qb3 Rd8 12. Ng5 e6 13. dxc5 Qxc3 14. Rad1
Qxb3 15. axb3 Bd7 16. Ne4 Be8 17. Nd6 Rab8 18. Nxe8 Rxe8 19. Rd7 Rec8 20. b4 a6
21. Rb1 Kf8 22. b5 axb5 23. Rxb5 Nd8 24. Bg5 Ke8 25. Re7+ Kf8 26. Bxb7 h6 27.
Bxc8 Rxc8 28. Rc7 Rxc7 29. Bxd8 Rc8 30. Ba5 Bd4 31. e3 Be5 32. Bb4 Ke8 33. Kf1
Kd7 34. c6+ 1-0

[Event "Campeonato de España Universitario 2011"]
[Site "Alicante ESP"]
[Date "2011.05.10"]
[Round "7.2"]
[White "Vila Gazquez, Xavier"]
[Black "Antoli Royo, Joaquin Miguel"]
[Result "1/2-1/2"]
[WhiteElo "2494"]
[BlackElo "2434"]
[PlyCount "125"]
[EventDate "2011.05.09"]
[EventType "swiss"]
[EventRounds "9"]
[EventCountry "ESP"]
[Source "lmi"]
[SourceDate "2011.05.09"]

1. Nf3 d6 2. g3 e5 3. Bg2 f5 4. O-O Nf6 5. d4 e4 6. Ne1 Be7 7. c4 O-O 8. f3 c6
9. Nc3 d5 10. fxe4 fxe4 11. Nc2 Be6 12. Bf4 Na6 13. Ne3 Qd7 14. cxd5 cxd5 15.
Qb3 Nb4 16. Rad1 Nc6 17. Qc2 Rac8 18. Kh1 h6 19. Qd2 Rf7 20. a3 Rff8 21. b4 b6
22. Na2 Nh5 23. Nc1 Bf6 24. Nb3 Ne7 25. Be5 Qa4 26. Bxf6 Nxf6 27. Qb2 Rc7 28.
Rc1 Rfc8 29. Kg1 Ne8 30. Rxc7 Rxc7 31. Rc1 Rxc1+ 32. Nxc1 Nd6 33. Na2 Nef5 34.
Nc3 Qc6 35. Nxf5 Nxf5 36. Nd1 Qc4 37. e3 Qd3 38. Qc1 Qb3 39. Bf1 Bd7 40. Be2
Qa4 41. Kf2 Kf7 42. Qc7 Qc6 43. Qxc6 Bxc6 44. Bf1 Nd6 45. Nc3 Ke6 46. Bh3+ Kf6
47. Bg2 Ke6 48. Ke1 a5 49. Kd2 axb4 50. axb4 b5 51. Ke1 Kf6 52. Kf2 g5 53. Bh3
Nc4 54. Bf1 Na3 55. Be2 Nc4 56. Bd1 Nb6 57. Bc2 Kf5 58. Bb3 Kf6 59. Bd1 Nc4 60.
Bb3 Nb6 61. Bd1 Nc4 62. Be2 Nd6 63. Bd1 1/2-1/2

[Event "Campeonato de España Universitario 2011"]
[Site "Alicante ESP"]
[Date "2011.05.10"]
[Round "7.3"]
[White "Alsina Leal, Daniel"]
[Black "Chueca Forcen, Alberto"]
[Result "1-0"]
[WhiteElo "2545"]
[BlackElo "2311"]
[PlyCount "143"]
[EventDate "2011.05.09"]
[EventType "swiss"]
[EventRounds "9"]
[EventCountry "ESP"]
[Source "lmi"]
[SourceDate "2011.05.09"]

1. e4 Nf6 2. e5 Nd5 3. d4 d6 4. Nf3 Bg4 5. Be2 c6 6. c4 Nb6 7. Nbd2 dxe5 8.
Nxe5 Bxe2 9. Qxe2 N8d7 10. Nef3 e6 11. O-O Be7 12. b3 O-O 13. Bb2 Nf6 14. Rfe1
Re8 15. Ne5 Nbd7 16. Nd3 Nf8 17. Nf3 Ng6 18. Rad1 Qc7 19. g3 Rad8 20. Kg2 Qa5
21. Bc1 b5 22. Nde5 Nxe5 23. Nxe5 Qb6 24. Qf3 bxc4 25. Nxc6 Rc8 26. Nxe7+ Rxe7
27. bxc4 Rxc4 28. Bg5 Rd7 29. Bxf6 gxf6 30. Qxf6 Rcxd4 31. Qg5+ Kf8 32. Qh6+
Ke8 33. Rxd4 Qxd4 34. Qxh7 Qd5+ 35. Kh3 f5 36. Qh8+ Ke7 37. Qg7+ Ke8 38. Qg6+
Ke7 39. a3 Kd6 40. Qg8 Ke7 41. f3 Kf6 42. Qf8+ Kg6 43. Qe8+ Kf6 44. Qf8+ Kg6
45. Re2 e5 46. Kg2 Qb5 47. Qe8+ Kf6 48. Qh8+ Ke6 49. Qh6+ Kf7 50. Qe3 Re7 51.
Rd2 e4 52. fxe4 Rxe4 53. Qxa7+ Re7 54. Qf2 Qa5 55. Rd3 Qe5 56. Rf3 Qe4 57. Qd2
Rc7 58. Qf4 Rc2+ 59. Kh3 Ke6 60. Re3 Kd5 61. Rxe4 fxe4 62. Qe3 Rc4 63. Kg4 Rd4
64. Kf4 Rc4 65. h4 Rd4 66. h5 Rc4 67. h6 Kd6 68. h7 Rc7 69. Qd4+ Ke6 70. Qxe4+
Kf7 71. Qf5+ Kg7 72. Qe5+ 1-0

[Event "Campeonato de España Universitario 2011"]
[Site "Alicante ESP"]
[Date "2011.05.10"]
[Round "7.4"]
[White "Almagro Llamas, Pablo"]
[Black "Torres Ventosa, Pedro Eugenio"]
[Result "1-0"]
[WhiteElo "2465"]
[BlackElo "2319"]
[PlyCount "101"]
[EventDate "2011.05.09"]
[EventType "swiss"]
[EventRounds "9"]
[EventCountry "ESP"]
[Source "lmi"]
[SourceDate "2011.05.09"]

1. c4 Nf6 2. g3 g6 3. Bg2 d5 4. cxd5 Nxd5 5. Nc3 Nxc3 6. bxc3 Bg7 7. Nf3 O-O 8.
O-O c5 9. Rb1 Qa5 10. Qb3 Nc6 11. Qa3 Qxa3 12. Bxa3 b6 13. Nd4 cxd4 14. Bxc6
Bf5 15. Bxa8 Bxb1 16. Rxb1 Rxa8 17. c4 Rc8 18. d3 Bf8 19. f4 e6 20. Bc1 Rc5 21.
Bd2 f5 22. Kf2 Kf7 23. a4 Bd6 24. Kf3 h5 25. Bb4 Rc6 26. Bxd6 Rxd6 27. e3 dxe3
28. Kxe3 Kf6 29. d4 g5 30. Rb5 h4 31. a5 gxf4+ 32. gxf4 h3 33. axb6 axb6 34.
Rb3 Ke7 35. Kd3 Kd7 36. Rb1 Kc6 37. Re1 Rd8 38. Rxe6+ Kc7 39. Rh6 Ra8 40. d5
Ra2 41. Kd4 Rxh2 42. Ke5 Rh1 43. Rh7+ Kb8 44. Kd6 h2 45. c5 Rc1 46. Rh8+ Ka7
47. cxb6+ Kxb6 48. Rxh2 Rf1 49. Rb2+ Ka5 50. Ke5 Rd1 51. d6 1-0

[Event "Campeonato de España Universitario 2011"]
[Site "Alicante ESP"]
[Date "2011.05.10"]
[Round "7.5"]
[White "Aloma Vidal, Robert"]
[Black "Mayans Calvo, Mariano"]
[Result "1-0"]
[WhiteElo "2426"]
[BlackElo "2230"]
[PlyCount "106"]
[EventDate "2011.05.09"]
[EventType "swiss"]
[EventRounds "9"]
[EventCountry "ESP"]
[Source "lmi"]
[SourceDate "2011.05.09"]

1. c4 Nf6 2. d4 e6 3. Nf3 d5 4. g3 Be7 5. Bg2 O-O 6. O-O b6 7. Nc3 Bb7 8. Ne5
Nbd7 9. Bf4 Nxe5 10. dxe5 Ne4 11. Nxe4 dxe4 12. Qc2 f5 13. exf6 Bxf6 14. Rad1
Qc8 15. Bc1 e3 16. Bxe3 Bxg2 17. Kxg2 Qb7+ 18. Kg1 Rad8 19. c5 Qc6 20. b4 Qb5
21. a3 a5 22. cxb6 cxb6 23. Rb1 Bd4 24. Bxd4 Rxd4 25. bxa5 Qxa5 26. Qc6 Qxa3
27. Qxe6+ Kh8 28. Rxb6 Rdd8 29. Rb7 Qc3 30. Re7 Rf6 31. Re8+ Rf8 32. Rxf8+ Rxf8
33. Qe7 Qc8 34. Rd1 Re8 35. Qd7 Qa8 36. Qd5 Qa6 37. e4 h6 38. Re1 Qf6 39. e5
Qf5 40. Qe4 Qe6 41. Kg2 Rc8 42. Rd1 Re8 43. Re1 Rc8 44. h3 Rc4 45. Qd3 Rc8 46.
Qe4 Qe7 47. Ra1 Rb8 48. e6 Rc8 49. Ra8 Rxa8 50. Qxa8+ Kh7 51. Qe4+ Kg8 52. Qd5
Kh7 53. Qd7 Qb4 1-0

[Event "Campeonato de España Universitario 2011"]
[Site "Alicante ESP"]
[Date "2011.05.10"]
[Round "7.6"]
[White "Rubio Mejia, Luis Ignacio"]
[Black "Senlle Caride, Miguel"]
[Result "1-0"]
[WhiteElo "2403"]
[BlackElo "2271"]
[PlyCount "73"]
[EventDate "2011.05.09"]
[EventType "swiss"]
[EventRounds "9"]
[EventCountry "ESP"]
[Source "lmi"]
[SourceDate "2011.05.09"]

1. d4 Nf6 2. c4 e6 3. Nc3 d5 4. cxd5 exd5 5. Bg5 Nbd7 6. e3 Be7 7. Bd3 O-O 8.
Qc2 h6 9. Bf4 c6 10. h3 Re8 11. Nf3 Nf8 12. O-O-O b5 13. Kb1 a5 14. Ne5 Bd7 15.
g4 Ne6 16. f3 b4 17. Na4 c5 18. Nxc5 Bxc5 19. dxc5 Rc8 20. c6 Nxf4 21. exf4 Re7
22. Bb5 Qb6 23. Ba4 Be8 24. Rhe1 Rec7 25. g5 hxg5 26. fxg5 Nh5 27. Rxd5 Nf4 28.
Rdd1 b3 29. axb3 Qb4 30. Re4 Qe7 31. Nd3 Qxg5 32. Nxf4 f6 33. Ne6 Qg3 34. Nxc7
Bg6 35. Nd5 Qxf3 36. Ne7+ Kh7 37. Rh4+ 1-0

[Event "Campeonato de España Universitario 2011"]
[Site "Alicante ESP"]
[Date "2011.05.10"]
[Round "7.7"]
[White "Fernandez Borrego, Pablo"]
[Black "Espinosa Aranda, Angel"]
[Result "0-1"]
[WhiteElo "2302"]
[BlackElo "2399"]
[PlyCount "62"]
[EventDate "2011.05.09"]
[EventType "swiss"]
[EventRounds "9"]
[EventCountry "ESP"]
[Source "lmi"]
[SourceDate "2011.05.09"]

1. d4 Nf6 2. Nc3 d5 3. Bg5 e6 4. e4 dxe4 5. Nxe4 Be7 6. Nxf6+ Bxf6 7. Bxf6 Qxf6
8. Nf3 O-O 9. Bd3 Nd7 10. Qe2 c5 11. Qe4 g6 12. c3 cxd4 13. cxd4 Nb6 14. O-O
Nd5 15. Ne5 Rd8 16. Rac1 b6 17. Nc6 Re8 18. Bc4 Bb7 19. Bxd5 exd5 20. Qxd5 Rac8
21. Qb3 Rxc6 22. Rcd1 Rd6 23. Qa4 Bc6 24. Qxa7 Qg5 25. g3 Qd5 26. f3 Rf6 27.
Qa3 Re2 28. Rd3 Rfe6 29. Qb3 Qh5 30. h4 Qf5 31. Rf2 Qh3 0-1

[Event "Campeonato de España Universitario 2011"]
[Site "Alicante ESP"]
[Date "2011.05.10"]
[Round "7.8"]
[White "Vallejo Diaz, Jesus"]
[Black "Camacho Collados, Marcos"]
[Result "0-1"]
[WhiteElo "2258"]
[BlackElo "2376"]
[PlyCount "144"]
[EventDate "2011.05.09"]
[EventType "swiss"]
[EventRounds "9"]
[EventCountry "ESP"]
[Source "lmi"]
[SourceDate "2011.05.09"]

1. e4 d6 2. d4 Nf6 3. Nc3 e5 4. Nf3 Nbd7 5. Bc4 Be7 6. O-O O-O 7. Re1 c6 8. a4
b6 9. b3 Bb7 10. Bb2 Qc7 11. d5 cxd5 12. Bxd5 Nxd5 13. exd5 f5 14. Nb5 Qd8 15.
c4 a6 16. Nc3 a5 17. Nb5 Nc5 18. Qc2 Bc8 19. Ba3 f4 20. Bxc5 bxc5 21. Nd2 Bf5
22. Qd1 Rf6 23. f3 Rh6 24. Nf1 Qd7 25. Qd2 Kh8 26. Nc3 Bh4 27. Re2 Rf8 28. Ne4
Bd8 29. Nf2 Qb7 30. Qc3 Qd7 31. Nd2 Qe7 32. Nde4 Qh4 33. h3 Rg6 34. Kf1 h5 35.
Raa2 Qe7 36. Qe1 Qc7 37. Rab2 Rh6 38. Qc3 g5 39. Ke1 Qg7 40. Kd2 g4 41. hxg4
hxg4 42. fxg4 Bxg4 43. Nxg4 Qxg4 44. Qf3 Rg8 45. Rb1 Be7 46. Qxg4 Rxg4 47. Rg1
Kg7 48. Kd3 Rh3+ 49. Kc2 Rh2 50. Nd2 Kf6 51. Nf3 Rh8 52. Rf1 Rhg8 53. Rff2 Kf5
54. Kd3 Rg3 55. Kc2 e4 56. Nd2 e3 57. Rf3 Bf6 58. Rexe3 Rxf3 59. Rxf3 Rxg2 60.
Kd3 Kg4 61. Rf1 Rg3+ 62. Kc2 f3 63. Ne4 Rg2+ 64. Kd3 Be5 65. Nd2 f2 66. Ke2 Bd4
67. Ne4 Rh2 68. Nxd6 Rh3 69. Nb5 Re3+ 70. Kd2 Kf3 71. d6 Re2+ 72. Kd3 Bf6 0-1

[Event "Campeonato de España Universitario 2011"]
[Site "Alicante ESP"]
[Date "2011.05.10"]
[Round "7.9"]
[White "Pallardo Lozoya, Jose Vicente"]
[Black "Tamajon Castilla, Francisco J"]
[Result "1-0"]
[WhiteElo "2365"]
[BlackElo "2030"]
[PlyCount "59"]
[EventDate "2011.05.09"]
[EventType "swiss"]
[EventRounds "9"]
[EventCountry "ESP"]
[Source "lmi"]
[SourceDate "2011.05.09"]

1. f4 d5 2. b3 Nf6 3. Bb2 e6 4. Nf3 Nbd7 5. e3 Bd6 6. Ne5 c6 7. Qf3 Qe7 8. d3
O-O 9. Be2 Ne8 10. O-O f6 11. Nxd7 Bxd7 12. e4 Nc7 13. Nd2 Nb5 14. d4 Nc7 15.
Qg3 Ba3 16. Bxa3 Qxa3 17. f5 Qa5 18. c3 Rae8 19. b4 Qb6 20. Bh5 Rd8 21. fxe6
Bxe6 22. e5 fxe5 23. Qxe5 Bc8 24. Rae1 Nb5 25. Bf7+ Kh8 26. Re3 Nd6 27. Rg3 Rg8
28. Bxg8 Nf5 29. Rxf5 Rxg8 30. Qxg7+ 1-0

[Event "Campeonato de España Universitario 2011"]
[Site "Alicante ESP"]
[Date "2011.05.10"]
[Round "7.10"]
[White "Valmaña Canto, Jaime"]
[Black "Ibarra Jerez, Juan Miguel"]
[Result "1-0"]
[WhiteElo "2335"]
[BlackElo "2264"]
[PlyCount "108"]
[EventDate "2011.05.09"]
[EventType "swiss"]
[EventRounds "9"]
[EventCountry "ESP"]
[Source "lmi"]
[SourceDate "2011.05.09"]

1. e4 c5 2. Nc3 a6 3. Nge2 e6 4. g3 b5 5. Bg2 Bb7 6. O-O Nf6 7. d3 d5 8. e5 Ng4
9. Nf4 Nxe5 10. Qh5 Qd6 11. Re1 Nbd7 12. Nfxd5 O-O-O 13. Bf4 f6 14. Ne3 Bxg2
15. Nxg2 Qc6 16. Ne4 g6 17. Qe2 Bg7 18. a4 Kb7 19. axb5 axb5 20. b4 cxb4 21.
Rab1 g5 22. Bxe5 Nxe5 23. Rxb4 f5 24. d4 Nc4 25. Nc5+ Kc8 26. Qxe6+ Qxe6 27.
Nxe6 Bf6 28. Rxb5 Nd2 29. Rxf5 Bxd4 30. Rd1 Ne4 31. Nxd8 Rxd8 32. Ne3 Nxf2 33.
Rxd4 Nh3+ 34. Kg2 Rxd4 35. Kxh3 Re4 36. Nd5 g4+ 37. Kh4 Re2 38. Kxg4 Rxh2 39.
c4 Rc2 40. c5 Kd7 41. Nf6+ Ke6 42. Nxh7 Rc3 43. Ng5+ Ke7 44. Ne4 Rc4 45. Kf4
Ke6 46. Re5+ Kf7 47. g4 Kg6 48. Rg5+ Kh6 49. Rd5 Kg6 50. Rd6+ Kg7 51. c6 Kf7
52. g5 Ke7 53. Rf6 Rd4 54. g6 Ke8 1-0

[Event "Campeonato de España Universitario 2011"]
[Site "Alicante ESP"]
[Date "2011.05.10"]
[Round "7.11"]
[White "Fernandez Barrera, Victor"]
[Black "Sanchez Saez, Francisco"]
[Result "1-0"]
[WhiteElo "2327"]
[BlackElo "2235"]
[PlyCount "173"]
[EventDate "2011.05.09"]
[EventType "swiss"]
[EventRounds "9"]
[EventCountry "ESP"]
[Source "lmi"]
[SourceDate "2011.05.09"]

1. e4 c5 2. Nf3 d6 3. d4 cxd4 4. Nxd4 Nf6 5. Nc3 g6 6. Be3 Bg7 7. f3 O-O 8. Qd2
Nc6 9. O-O-O d5 10. Kb1 Nxd4 11. Bxd4 Be6 12. Be2 dxe4 13. Nxe4 Qd7 14. Qb4
Rfd8 15. Bxf6 Qxd1+ 16. Rxd1 Bxf6 17. Nd6 Rxd6 18. Rh1 Rc8 19. Qd2 Ra8 20. Qc1
Rb6 21. Rd1 Rc8 22. c3 Kg7 23. Ka1 h6 24. Qe3 Kh8 25. Qf2 Kh7 26. Qe3 Kg7 27.
g4 Rbc6 28. Rc1 Rc5 29. Bd1 Ra5 30. a3 Re5 31. Qxa7 b5 32. f4 Re1 33. Qf2 Re4
34. Bc2 Rec4 35. f5 Bd5 36. Bb3 R4c5 37. Bxd5 Rxd5 38. fxg6 fxg6 39. Qe2 Rcd8
40. Rc2 Re5 41. Qf2 Re4 42. h3 Rd1+ 43. Ka2 Rh1 44. Re2 Rc4 45. Qg2 Rd1 46. Rd2
Re1 47. Qd5 Re5 48. Qb7 Rcc5 49. Kb3 Bh4 50. Qb8 Be1 51. Rd8 Kf6 52. Rd1 Kg5
53. Qf8 Bg3 54. Qf3 Bh4 55. Rd4 Be1 56. Re4 Bd2 57. h4+ Kxh4 58. Qf2+ Kh3 59.
Rxe5 Rxe5 60. Qxd2 Rg5 61. Qf4 e5 62. Qf3+ Kh4 63. Qh1+ Kxg4 64. Qxh6 e4 65.
Kc2 Kf5 66. Qf8+ Kg4 67. Kd2 Rf5 68. Qc8 Kf3 69. Qc6 g5 70. Qg6 e3+ 71. Ke1 Kf4
72. Ke2 g4 73. Qd6+ Re5 74. Qf6+ Ke4 75. Qg6+ Kf4 76. Qf6+ Ke4 77. Qh4 Kf4 78.
Qh2+ Ke4 79. Qg3 Kf5 80. b3 Re4 81. Qd6 Re5 82. c4 bxc4 83. bxc4 Re6 84. Qg3
Re4 85. c5 Re6 86. Qg2 Kf4 87. Qd5 1-0

[Event "Campeonato de España Universitario 2011"]
[Site "Alicante ESP"]
[Date "2011.05.10"]
[Round "7.12"]
[White "Carrasco Sagredo, Manuel"]
[Black "Rabadan Velasco, Raul"]
[Result "0-1"]
[WhiteElo "2177"]
[BlackElo "2353"]
[PlyCount "92"]
[EventDate "2011.05.09"]
[EventType "swiss"]
[EventRounds "9"]
[EventCountry "ESP"]
[Source "lmi"]
[SourceDate "2011.05.09"]

1. e4 e6 2. Nf3 d5 3. Nc3 Nf6 4. e5 Nfd7 5. d4 c5 6. dxc5 Nc6 7. Bf4 Be7 8. Bg3
O-O 9. a3 Nxc5 10. b4 Nd7 11. Bd3 f6 12. exf6 Bxf6 13. Qd2 a5 14. Rb1 axb4 15.
axb4 Nde5 16. Nxe5 Nxe5 17. O-O Nxd3 18. cxd3 Bd7 19. Bd6 Re8 20. Ne2 Bb5 21.
Bg3 Ra3 22. d4 Bxe2 23. Qxe2 Bxd4 24. Qb5 Re7 25. Rbc1 Qd7 26. Qe2 e5 27. Kh1
Qf5 28. Qb5 Qd7 29. Qe2 e4 30. Rfd1 Bb6 31. Qh5 d4 32. Bh4 Rf7 33. Qe5 Qg4 34.
Be7 h6 35. Qd5 Qf5 36. Qxb7 Qe6 37. Rc6 Qxe7 38. Qxb6 e3 39. fxe3 dxe3 40. Rc8+
Kh7 41. Re1 e2 42. Kg1 Rd3 43. Rcc1 Rf6 44. Qa5 Qe3+ 45. Kh1 Qxc1 46. b5 Qxe1+
0-1

[Event "Campeonato de España Universitario 2011"]
[Site "Alicante ESP"]
[Date "2011.05.10"]
[Round "7.13"]
[White "Martin Fuentes, Alberto"]
[Black "Garcia Brion, Eduardo"]
[Result "0-1"]
[WhiteElo "2322"]
[BlackElo "2191"]
[PlyCount "52"]
[EventDate "2011.05.09"]
[EventType "swiss"]
[EventRounds "9"]
[EventCountry "ESP"]
[Source "lmi"]
[SourceDate "2011.05.09"]

1. e4 Nc6 2. Nc3 d6 3. d4 e5 4. Nge2 g6 5. Be3 Bg7 6. Qd2 Nf6 7. f3 a6 8. O-O-O
b5 9. Kb1 Na5 10. Nc1 Be6 11. Nd5 c6 12. Nxf6+ Bxf6 13. dxe5 dxe5 14. Qe1 Qc7
15. g4 Nc4 16. Bxc4 bxc4 17. g5 Be7 18. Qc3 Rb8 19. a3 Rb5 20. h4 O-O 21. Ne2
Rfb8 22. Bc1 Ra5 23. Ka1 Bb4 24. Qe3 Qb7 25. Nc3 Rxa3+ 26. Kb1 Bxc3 0-1

[Event "Campeonato de España Universitario 2011"]
[Site "Alicante ESP"]
[Date "2011.05.10"]
[Round "7.14"]
[White "Fernandez Losada, Daniel"]
[Black "Pazos Porta, Antonio"]
[Result "0-1"]
[WhiteElo "2161"]
[BlackElo "2318"]
[PlyCount "82"]
[EventDate "2011.05.09"]
[EventType "swiss"]
[EventRounds "9"]
[EventCountry "ESP"]
[Source "lmi"]
[SourceDate "2011.05.09"]

1. e4 e6 2. d4 d5 3. Nc3 Nf6 4. e5 Nfd7 5. Qh5 c5 6. Nf3 cxd4 7. Nxd4 g6 8. Qg4
Nxe5 9. Qg3 Bg7 10. Bf4 Nbc6 11. Nxc6 Nxc6 12. Bc7 Qf6 13. Bd6 e5 14. Ba3 Be6
15. Nb5 O-O-O 16. Qc3 Bf5 17. Nxa7+ Kb8 18. Nxc6+ Qxc6 19. Qa5 Qc7 20. Qxc7+
Kxc7 21. Bb5 Kb6 22. Ba4 Rc8 23. c3 Bd3 24. f3 e4 25. Rd1 f5 26. g3 d4 27. cxd4
Bxd4 28. Rxd3 exd3 29. Kd2 Bc5 30. b4 Bd4 31. Bb3 Rhd8 32. Rd1 Bc3+ 33. Ke3 d2
34. b5 Rd7 35. Kf4 Ra8 36. Be6 Rd4+ 37. Kg5 Rxa3 38. Kh6 Rd6 39. Bb3 Rd7 40. h4
Ra8 41. a4 Re8 0-1

[Event "Campeonato de España Universitario 2011"]
[Site "Alicante ESP"]
[Date "2011.05.10"]
[Round "7.15"]
[White "Vega Gutierrez, Sabrina"]
[Black "Rodriguez Perez, Angel Mariano"]
[Result "1-0"]
[WhiteElo "2306"]
[BlackElo "2139"]
[PlyCount "111"]
[EventDate "2011.05.09"]
[EventType "swiss"]
[EventRounds "9"]
[EventCountry "ESP"]
[Source "lmi"]
[SourceDate "2011.05.09"]

1. e4 d6 2. d4 g6 3. Nc3 Bg7 4. f4 Nf6 5. a3 c5 6. Nf3 O-O 7. dxc5 dxc5 8. Qxd8
Rxd8 9. e5 Ne8 10. Be3 b6 11. Bc4 Bb7 12. Ng5 e6 13. Kf2 Nc6 14. Bd3 Nd4 15.
Rac1 Nf5 16. Be4 Bxe4 17. Ncxe4 h6 18. Nf3 Bf8 19. g4 Nxe3 20. Kxe3 Be7 21. c4
Rd7 22. Rhd1 Rad8 23. Rxd7 Rxd7 24. Rc3 Kg7 25. Rd3 Rxd3+ 26. Kxd3 f5 27. exf6+
Nxf6 28. Nxf6 Bxf6 29. b3 Bb2 30. a4 Kf6 31. Ke4 Bc3 32. g5+ hxg5 33. fxg5+ Kg7
34. Ne5 Bd2 35. Nf3 Bc3 36. Ne5 Bd2 37. Nc6 a5 38. Nd8 Bxg5 39. Nxe6+ Kf6 40.
Nc7 Bd2 41. Nd5+ Kg5 42. Nxb6 Kh4 43. Nd7 Bb4 44. Ne5 g5 45. Kf5 Kh3 46. Kxg5
Kxh2 47. Nd3 Ba3 48. Kf4 Kg2 49. Ke4 Kf1 50. Kd5 Ke2 51. Nxc5 Kd2 52. Nb7 Kc3
53. c5 Bc1 54. c6 Bf4 55. Nd6 Kxb3 56. c7 1-0

[Event "Campeonato de España Universitario 2011"]
[Site "Alicante ESP"]
[Date "2011.05.10"]
[Round "8.3"]
[White "Espinosa Aranda, Angel"]
[Black "Aloma Vidal, Robert"]
[Result "1/2-1/2"]
[WhiteElo "2399"]
[BlackElo "2426"]
[PlyCount "61"]
[EventDate "2011.05.09"]
[EventType "swiss"]
[EventRounds "9"]
[EventCountry "ESP"]
[Source "lmi"]
[SourceDate "2011.05.09"]

1. e4 e5 2. Nf3 Nf6 3. Nxe5 d6 4. Nf3 Nxe4 5. d4 Bf5 6. Be2 Be7 7. c4 Nc6 8.
Nc3 Nf6 9. O-O Nd7 10. h3 Nb6 11. Bd2 O-O 12. Bc1 h6 13. Be3 Bf6 14. Rc1 d5 15.
c5 Nc8 16. a3 N8e7 17. b4 b6 18. b5 Na5 19. Re1 c6 20. a4 g5 21. bxc6 Naxc6 22.
Nb5 Bg6 23. cxb6 axb6 24. Bf1 Re8 25. Ne5 Nxe5 26. dxe5 Bxe5 27. Bxb6 Qxb6 28.
Rxe5 Qf6 29. Qe1 Be4 30. Rxe4 dxe4 31. Nc7 1/2-1/2

[Event "Campeonato de España Universitario 2011"]
[Site "Alicante ESP"]
[Date "2011.05.10"]
[Round "8.4"]
[White "Antoli Royo, Joaquin Miguel"]
[Black "Pallardo Lozoya, Jose Vicente"]
[Result "1-0"]
[WhiteElo "2434"]
[BlackElo "2365"]
[PlyCount "76"]
[EventDate "2011.05.09"]
[EventType "swiss"]
[EventRounds "9"]
[EventCountry "ESP"]
[Source "lmi"]
[SourceDate "2011.05.09"]

1. e4 c6 2. d4 d5 3. Nc3 dxe4 4. Nxe4 Nf6 5. Nxf6+ gxf6 6. Nf3 Bg4 7. c3 Qd5 8.
Be2 Nd7 9. Bf4 e6 10. Qb3 Nb6 11. c4 Qd7 12. O-O Bg7 13. a4 O-O 14. Rfd1 Rfd8
15. a5 Nc8 16. Rac1 Ne7 17. Rd2 Bf5 18. h3 Rac8 19. Be3 Ra8 20. Ne1 Qc7 21. Qa4
Rd7 22. Rdd1 Bg6 23. a6 b6 24. Bf3 Rad8 25. d5 c5 26. b4 exd5 27. bxc5 d4 28.
cxb6 axb6 29. Rxd4 Rxd4 30. Bxd4 Nc8 31. Be3 f5 32. c5 b5 33. Bf4 Qd7 34. Qa5
Bb2 35. Rb1 Bd4 36. Qxb5 Qe7 37. Rd1 Bxf2+ 38. Kxf2 Re8 1-0